000 005740000a22001810004500
003 MACL
005 20160221122200.0
008 160221b xxu||||| |||| 00| 0 eng d
040 _aMACL
_cMACL
041 _aHindi
082 _a364
100 _aवर्म्‍मा परिपूर्णानन्‍द
_938666
245 _aअपराध अपराधी और अभियुक्‍त
260 _bरामप्रसाद एण्‍ड संस
_aआग्रा
350 _a8
650 _aCriminology
_939389
942 _cHIN
_k364
_2ddc
999 _c25812
_d25812